[Event "?"]
[Site "?"]
[Date "2019.01.05"]
[Round "4.6"]
[White "Müller, Lothar"]
[Black "Majid, Hakim"]
[Result "1-0"]
[WhiteElo "1847"]
[BlackElo "1472"]
[PlyCount "97"]
[EventDate "2019.??.??"]
[WhiteTeam "SK Neumarkt"]
[BlackTeam "SW Nürnberg Süd"]

1. e4 e5 2. Nf3 Nc6 3. Bc4 Be7 4. O-O Nf6 5. d3 O-O 6. Nc3 d6 7. h3 Bd7 8. Be3
a6 9. Qe2 Qc8 10. Kh2 Bd8 11. Ng1 Ne7 12. f4 exf4 13. Bxf4 Ng6 14. Bg3 Be6 15.
Rf2 Bxc4 16. dxc4 Qe6 17. Nf3 Re8 18. Nd4 Qd7 19. Rd1 Qe7 20. Re1 c5 21. Nf5
Qe6 22. Nxd6 Re7 23. e5 Ne8 24. Nd5 Rd7 25. Qf1 Bh4 26. Bxh4 Nxh4 27. g3 Ng6
28. Nb6 Rad8 29. Nxd7 Rxd7 30. Nxe8 Qxe8 31. Rfe2 Qe6 32. b3 h6 33. Qf2 b6 34.
a4 Ne7 35. Rd2 Rc7 36. Rd6 Qf5 37. Qxf5 Nxf5 38. Rxb6 Nd4 39. Rf1 Nxc2 40. Rxa6
Nd4 41. Ra8+ Kh7 42. a5 Nxb3 43. a6 Nd2 44. Ra1 Nxc4 45. a7 Nb6 46. Rb8 c4 47.
Rxb6 c3 48. a8=Q c2 49. Rc1 1-0

[Event "?"]
[Site "?"]
[Date "2019.01.05"]
[Round "4.7"]
[White "Albayrak, Aylin"]
[Black "Wettermann, Bernd"]
[Result "1-0"]
[WhiteElo "1686"]
[BlackElo "1752"]
[PlyCount "55"]
[EventDate "2019.??.??"]
[WhiteTeam "Zabo-Eintracht Nürnberg"]
[BlackTeam "Zabo-Eintracht Nürnberg"]

1. d4 Nf6 2. c4 c5 3. d5 b5 4. cxb5 a6 5. Nc3 axb5 6. Nxb5 Qa5+ 7. Nc3 g6 8.
Bd2 Bg7 9. e4 d6 10. Bd3 O-O 11. Nge2 Ba6 12. Bc2 Nbd7 13. O-O Rfb8 14. Re1 Ne5
15. b3 Nd3 16. Bxd3 Bxd3 17. Rc1 Qa6 18. Nf4 Nd7 19. Re3 Ne5 20. Nxd3 Nxd3 21.
Rb1 Bd4 22. Rf3 Ne5 23. Rh3 Bxc3 24. Bxc3 Qxa2 25. Ra1 Qxb3 26. Qxb3 Rxb3 27.
Rxa8+ Kg7 28. Bxe5+ 1-0

[Event "?"]
[Site "?"]
[Date "2019.01.05"]
[Round "4.8"]
[White "Pörzgen, Michael"]
[Black "Walch, Roger"]
[Result "0-1"]
[WhiteElo "1656"]
[BlackElo "1698"]
[PlyCount "60"]
[EventDate "2019.??.??"]
[WhiteTeam "SW Nürnberg Süd"]
[BlackTeam "SW Nürnberg Süd"]

1. e4 e6 2. d4 d5 3. e5 c5 4. c3 Bd7 5. Bd3 cxd4 6. cxd4 Nc6 7. Ne2 Nb4 8. O-O
Nxd3 9. Qxd3 Ne7 10. b3 Nc6 11. Ba3 Nb4 12. Bxb4 Bxb4 13. a3 Be7 14. Nd2 O-O
15. b4 Qb6 16. Nc3 f6 17. Nf3 Rac8 18. Rfc1 a6 19. Qe3 Rc4 20. Ne2 Rfc8 21. Rc3
a5 22. bxa5 Qxa5 23. Rac1 b5 24. Nd2 Rxc3 25. Rxc3 Rxc3 26. Qxc3 Qxc3 27. Nxc3
fxe5 28. dxe5 Bxa3 29. f4 Bc5+ 30. Kf1 Be3 0-1

[Event "?"]
[Site "?"]
[Date "2019.01.05"]
[Round "4.9"]
[White "Dyroff, Roland"]
[Black "Müller, Ludwig"]
[Result "1-0"]
[WhiteElo "1694"]
[BlackElo "1799"]
[PlyCount "73"]
[EventDate "2019.??.??"]
[WhiteTeam "SW Nürnberg Süd"]
[BlackTeam "SGem Nürnberg"]

1. c4 Nf6 2. Nf3 c5 3. g3 g6 4. b3 Bg7 5. Bb2 O-O 6. Bg2 Nc6 7. O-O d6 8. d4
cxd4 9. Nxd4 Bd7 10. Nd2 Nxd4 11. Bxd4 Bc6 12. Bxc6 bxc6 13. e4 c5 14. Bc3 Nh5
15. Qc2 Bxc3 16. Qxc3 Ng7 17. f4 f5 18. Rfe1 e6 19. e5 d5 20. cxd5 Qxd5 21. Nc4
Rfd8 22. Nd6 Qd4+ 23. Qxd4 cxd4 24. Red1 Kf8 25. Rxd4 Ne8 26. Rad1 Nxd6 27.
Rxd6 Rxd6 28. Rxd6 Ke7 29. Ra6 h6 30. Kf2 g5 31. Ke3 g4 32. b4 Rc8 33. Rxa7+
Ke8 34. b5 Rc1 35. b6 Rc8 36. b7 Rb8 37. Ra8 1-0

[Event "?"]
[Site "?"]
[Date "2019.01.05"]
[Round "4.11"]
[White "Merdian, Nick"]
[Black "Dreiseitel, Werner"]
[Result "0-1"]
[WhiteElo "1640"]
[BlackElo "1563"]
[PlyCount "40"]
[EventDate "2019.??.??"]
[WhiteTeam "SC Postbauer-Heng"]
[BlackTeam "SW Nürnberg Süd"]

1. d4 d5 2. c4 c6 3. e3 e6 4. Nf3 Nf6 5. Be2 Bd6 6. O-O O-O 7. Nc3 Nbd7 8. Qc2
dxc4 9. Bxc4 e5 10. dxe5 Nxe5 11. Nxe5 Bxe5 12. Rd1 Bxh2+ 13. Kxh2 Ng4+ 14. Kg1
Qh4 15. g3 Qh2+ 16. Kf1 Qh1+ 17. Ke2 Qg2 18. Rf1 Nh2 19. Re1 Bg4+ 20. Kd2 Nf3+
0-1

[Event "?"]
[Site "?"]
[Date "2019.01.05"]
[Round "4.12"]
[White "Mantel, Hubert"]
[Black "Schaller, Michael"]
[Result "1/2-1/2"]
[WhiteElo "1744"]
[BlackElo "1274"]
[PlyCount "59"]
[EventDate "2019.??.??"]
[WhiteTeam "SC Noris-Tarrasch Nürnberg"]
[BlackTeam "SW Nürnberg Süd"]

1. e4 e5 2. Bc4 Nf6 3. Nc3 Bc5 4. d3 O-O 5. Be3 Bxe3 6. fxe3 c6 7. Nf3 d5 8.
exd5 cxd5 9. Bb5 a6 10. Ba4 b5 11. Bb3 Nc6 12. e4 dxe4 13. dxe4 b4 14. Bd5 bxc3
15. Bxc6 cxb2 16. Bxa8 bxa1=Q 17. Qxa1 Qa5+ 18. Kf2 Bg4 19. Bd5 Qb6+ 20. Kg3
Bxf3 21. Bxf7+ Kxf7 22. Rb1 Qe6 23. Rb7+ Kg8 24. gxf3 Nh5+ 25. Kf2 Qf6 26. Qc3
h6 27. Qb3+ Kh7 28. Rb8 Rxb8 29. Qxb8 Nf4 30. Qc8 1/2-1/2

[Event "?"]
[Site "?"]
[Date "2019.01.05"]
[Round "4.13"]
[White "Ott, Hans"]
[Black "Walisch, Wilfried"]
[Result "1-0"]
[WhiteElo "1553"]
[BlackElo "1126"]
[PlyCount "77"]
[EventDate "2019.??.??"]
[WhiteTeam "Zabo-Eintracht Nürnberg"]
[BlackTeam "SW Nürnberg Süd"]

1. e4 d6 2. d4 Nf6 3. Nc3 e5 4. d5 Be7 5. Nf3 O-O 6. h3 c6 7. Bd3 cxd5 8. Nxd5
Nxd5 9. exd5 Nd7 10. b4 Nf6 11. Be2 Qb6 12. c3 Ne4 13. Be3 Qc7 14. Rc1 Bd7 15.
c4 f5 16. O-O Qd8 17. Bd3 Ng5 18. Nxg5 Bxg5 19. f4 exf4 20. Bxf4 Bxf4 21. Rxf4
Qb6+ 22. c5 dxc5 23. bxc5 Qc7 24. d6 Qd8 25. Bc4+ Kh8 26. Qd4 Qf6 27. Bd5 Qxd4+
28. Rxd4 Rab8 29. a4 Rfe8 30. a5 a6 31. c6 bxc6 32. Bxc6 Bxc6 33. Rxc6 Ra8 34.
d7 Red8 35. Rc7 g6 36. Rdc4 Kg7 37. Rc8 Kf7 38. Rxa8 Rxa8 39. Rc8 1-0

[Event "?"]
[Site "?"]
[Date "2019.01.05"]
[Round "4.14"]
[White "Bogendörfer, Ralf"]
[Black "Nüßlein, Christian"]
[Result "1/2-1/2"]
[WhiteElo "1543"]
[BlackElo "1892"]
[PlyCount "63"]
[EventDate "2019.??.??"]
[WhiteTeam "SC JÄKLECHEMIE"]
[BlackTeam "SGem Nürnberg"]

1. d4 Nf6 2. Nf3 g6 3. c4 Bg7 4. Nc3 d5 5. e3 O-O 6. b4 a5 7. b5 c5 8. bxc6
Nxc6 9. Qb3 dxc4 10. Bxc4 Nb4 11. O-O e6 12. Ba3 Qb6 13. Rab1 Rd8 14. Bxb4 Qxb4
15. Qxb4 axb4 16. Rxb4 Nd5 17. Nxd5 exd5 18. Bb3 Ra5 19. Ra4 b6 20. Rxa5 bxa5
21. Rc1 Be6 22. Rc5 Ra8 23. Ng5 a4 24. Bd1 Bf8 25. Nxe6 fxe6 26. Rc1 Bb4 27. g3
Kf7 28. Rb1 Bc3 29. Rb5 a3 30. Bf3 Kg7 31. Bd1 Bb2 32. Bb3 1/2-1/2

[Event "?"]
[Site "?"]
[Date "2019.01.05"]
[Round "4.15"]
[White "Ott, Juan Luis"]
[Black "Scheitler, Wolfgang"]
[Result "1/2-1/2"]
[WhiteElo "1304"]
[BlackElo "1542"]
[PlyCount "46"]
[EventDate "2019.??.??"]
[WhiteTeam "Zabo-Eintracht Nürnberg"]
[BlackTeam "SW Nürnberg Süd"]

1. c4 Nf6 2. d4 e6 3. Bg5 d5 4. cxd5 exd5 5. a3 Be7 6. Nc3 O-O 7. h3 c6 8. Nf3
Ne4 9. Bxe7 Qxe7 10. e3 Nd7 11. Nxe4 dxe4 12. Nd2 f5 13. Bc4+ Kh8 14. O-O Nb6
15. Ba2 Rf6 16. f3 Nd5 17. Bxd5 cxd5 18. f4 Rh6 19. Rc1 g5 20. Qe2 g4 21. hxg4
Qh4 22. g5 Rh5 23. Rc7 Qh2+ 1/2-1/2

[Event "?"]
[Site "?"]
[Date "2019.01.05"]
[Round "4.16"]
[White "Babichev, Vyacheslav"]
[Black "Schiesser, Desider"]
[Result "1-0"]
[WhiteElo "1835"]
[BlackElo "1460"]
[PlyCount "87"]
[EventDate "2019.??.??"]
[WhiteTeam "SW Nürnberg Süd"]
[BlackTeam "SW Nürnberg Süd"]

1. Nf3 d6 2. d4 b6 3. g3 Bb7 4. Bg2 Nd7 5. O-O h6 6. c4 g5 7. d5 c6 8. e4 Qc7
9. Nc3 O-O-O 10. Nd4 a6 11. Be3 c5 12. Nde2 f6 13. f4 g4 14. Rc1 h5 15. h4 gxh3
16. Bxh3 Nh6 17. Kg2 Ng4 18. Bg1 Kb8 19. Qd3 Bh6 20. Nd1 Nf8 21. Nf2 Rg8 22.
Qf3 Bc8 23. Rc3 Nxf2 24. Bxc8 Nxe4 25. Qxe4 Rxc8 26. f5 Rg4 27. Nf4 Nh7 28. Qe2
Bxf4 29. Rxf4 Rxf4 30. gxf4 Rg8+ 31. Rg3 Qc8 32. Qxh5 Rxg3+ 33. Kxg3 Qg8+ 34.
Kf2 Kb7 35. Qg6 Qh8 36. Qf7 a5 37. Qxe7+ Ka6 38. Bh2 Ng5 39. Bg3 Nh3+ 40. Kg2
Qh6 41. Qxd6 a4 42. Qb8 Ka5 43. Be1+ Ka6 44. Qa8# 1-0

[Event "?"]
[Site "?"]
[Date "2019.01.05"]
[Round "4.17"]
[White "Mankus, Siegfried"]
[Black "Dreiseitel, Ursula"]
[Result "0-1"]
[WhiteElo "1511"]
[BlackElo "1478"]
[PlyCount "120"]
[EventDate "2019.??.??"]
[WhiteTeam "Zabo-Eintracht Nürnberg"]
[BlackTeam "SW Nürnberg Süd"]

1. d4 Nf6 2. c4 d5 3. cxd5 Nxd5 4. e4 Nb6 5. Nf3 e6 6. Be3 c6 7. Nbd2 N8d7 8.
a3 Nf6 9. Rc1 Be7 10. Be2 O-O 11. O-O Bd7 12. h3 a5 13. Qb3 a4 14. Qa2 Rc8 15.
Rc3 Na8 16. Rfc1 b5 17. b4 axb3 18. Qxb3 Nb6 19. R3c2 Ra8 20. Ra2 Ra4 21. Ne5
Qa8 22. Nxd7 Nfxd7 23. Rca1 Rc8 24. Nb1 h6 25. Nc3 Ra5 26. Nxb5 cxb5 27. Bxb5
Qxe4 28. a4 Rc7 29. Re1 Qd5 30. Qxd5 Nxd5 31. Rc1 Rxc1+ 32. Bxc1 N7b6 33. Bd2
Bb4 34. Bxb4 Nxb4 35. Rb2 N4d5 36. Bc6 Nxa4 37. Rb8+ Kh7 38. Bxd5 Rxd5 39. Rb4
Nc3 40. Kf1 Nb5 41. f3 Nxd4 42. Rb7 Kg6 43. Ra7 Nc2 44. Ra2 Nb4 45. Re2 e5 46.
Kg1 f6 47. Kh2 h5 48. Kg1 Rd1+ 49. Kh2 Nd3 50. Ra2 Nf4 51. Rb2 Kf5 52. Ra2 Re1
53. Rb2 h4 54. Ra2 Ne2 55. Ra4 g5 56. Rg4 Ng3 57. Rxg3 hxg3+ 58. Kxg3 e4 59.
fxe4+ Rxe4 60. Kf3 Ra4 0-1

[Event "?"]
[Site "?"]
[Date "2019.01.05"]
[Round "4.18"]
[White "Barnowski, Roman"]
[Black "Lingl, Peter"]
[Result "1/2-1/2"]
[WhiteElo "1382"]
[BlackElo "1563"]
[PlyCount "122"]
[EventDate "2019.??.??"]
[WhiteTeam "SW Nürnberg Süd"]
[BlackTeam "SC JÄKLECHEMIE"]

1. Nf3 g6 2. c4 Bg7 3. d4 Nf6 4. Nc3 e6 5. Bf4 c6 6. e4 O-O 7. e5 Nh5 8. Be3 f6
9. g4 fxe5 10. gxh5 exd4 11. Bxd4 Rxf3 12. Qxf3 Bxd4 13. hxg6 hxg6 14. Rg1 Qf6
15. Qxf6 Bxf6 16. Rxg6+ Kf7 17. Bd3 d5 18. Rg2 Nd7 19. O-O-O Ne5 20. cxd5 exd5
21. Be2 Bf5 22. Rdg1 Nd3+ 23. Bxd3 Bxd3 24. Kd2 Bf5 25. b3 b5 26. f4 a5 27. Rc1
Ra6 28. Nd1 b4 29. Ne3 Bc3+ 30. Rxc3 bxc3+ 31. Kxc3 Be4 32. Rb2 c5 33. Ng4 Ke6
34. Nf2 Bf3 35. Nd3 Rc6 36. Ne5 Rd6 37. Nxf3 Kf5 38. a3 Kxf4 39. Ne1 Rh6 40.
Nd3+ Ke3 41. Nxc5 Rc6 42. b4 d4+ 43. Kc2 Rh6 44. Kd1 Rg6 45. Re2+ Kf3 46. Kd2
axb4 47. axb4 Rb6 48. Nd3 Ra6 49. Ne1+ Kf4 50. Kd3 Rb6 51. Re4+ Kf5 52. Rxd4
Ra6 53. Nc2 Ke5 54. b5 Rb6 55. Nb4 Rxb5 56. Nc6+ Kf6 57. Rf4+ Kg5 58. Ke4 Rc5
59. Nd4 Rc4 60. Rf3 Kh4 61. Kd3 Ra4 1/2-1/2

[Event "?"]
[Site "?"]
[Date "2019.01.05"]
[Round "5.1"]
[White "Petrashov, Alexander"]
[Black "Saathoff, Richard"]
[Result "1/2-1/2"]
[WhiteElo "1979"]
[BlackElo "2135"]
[PlyCount "21"]
[EventDate "2019.??.??"]
[WhiteTeam "SC Noris-Tarrasch Nürnberg"]
[BlackTeam "SW Nürnberg Süd"]

1. d4 Nf6 2. Nf3 g6 3. c4 Bg7 4. Nc3 O-O 5. e4 d6 6. Be2 e5 7. dxe5 dxe5 8.
Qxd8 Rxd8 9. Bg5 Re8 10. O-O-O c6 11. Rd6 1/2-1/2

[Event "?"]
[Site "?"]
[Date "2019.01.05"]
[Round "5.2"]
[White "Müller, Lothar"]
[Black "Erlbeck, Peter"]
[Result "0-1"]
[WhiteElo "1847"]
[BlackElo "2061"]
[PlyCount "102"]
[EventDate "2019.??.??"]
[WhiteTeam "SK Neumarkt"]
[BlackTeam "SW Nürnberg Süd"]

1. Nf3 f5 2. d4 Nf6 3. g3 g6 4. Bg2 Bg7 5. O-O O-O 6. c4 d6 7. Nc3 Qe8 8. Bf4
h6 9. h4 Nc6 10. d5 Na5 11. Qd3 c5 12. Rab1 b6 13. Nd2 Nh5 14. e3 Qf7 15. Nf3
Bd7 16. Rfe1 Rae8 17. Kh2 Nf6 18. b3 Ng4+ 19. Kg1 Ne5 20. Bxe5 dxe5 21. e4 f4
22. Rf1 Nb7 23. Rbe1 Nd6 24. a4 Qf6 25. Kh2 g5 26. hxg5 hxg5 27. Rh1 Bg4 28.
Ref1 Kf7 29. Kg1 Rh8 30. Nh2 Bd7 31. g4 Rh4 32. Re1 Reh8 33. Nf3 Rxh1+ 34. Bxh1
Qh6 35. Bg2 Bxg4 36. Kf1 Bd7 37. Ng1 g4 38. f3 g3 39. Re2 a6 40. Ra2 Qf6 41.
Rc2 Kg6 42. Ra2 Rb8 43. Nge2 Kf7 44. Kg1 Qh6 45. Qd2 Bh3 46. Nxf4 exf4 47. Bxh3
Qxh3 48. Qxf4+ Kg8 49. e5 Rf8 50. Qe3 Nf5 51. Qg5 Nd4 0-1

[Event "?"]
[Site "?"]
[Date "2019.01.05"]
[Round "5.3"]
[White "Walch, Roger"]
[Black "Kocak, Ediz"]
[Result "0-1"]
[WhiteElo "1698"]
[BlackElo "1817"]
[PlyCount "87"]
[EventDate "2019.??.??"]
[WhiteTeam "SW Nürnberg Süd"]
[BlackTeam "SW Nürnberg Süd"]

1. e4 c5 2. Nc3 e6 3. f4 Nc6 4. Bb5 Nd4 5. Nf3 Nxb5 6. Nxb5 Nf6 7. d3 d5 8. Nc3
dxe4 9. dxe4 Qxd1+ 10. Kxd1 Be7 11. Ke2 b6 12. Rd1 Bb7 13. e5 Nd5 14. Nb5 a6
15. Nd6+ Bxd6 16. exd6 O-O-O 17. Ne5 Rhf8 18. g3 f6 19. Nc4 a5 20. Kf2 Kd7 21.
Na3 Kc6 22. c4 Nb4 23. Nb5 Ba6 24. a4 Kd7 25. b3 Bxb5 26. axb5 Nc2 27. Ra2 Nd4
28. b4 axb4 29. Ra6 Ra8 30. Rxb6 Ra1 31. Rf1 Ra2+ 32. Kg1 Ne2+ 33. Kh1 Ra1 34.
Rd1 Rxc1 35. Rb7+ Kc8 36. Rc7+ Kb8 37. Rxc1 Nxc1 38. b6 b3 39. Rxc5 Rd8 40. Rb5
Rxd6 41. c5 Rd5 42. Kg2 Nd3 43. Rxb3 Nxc5 44. Ra3 0-1

[Event "?"]
[Site "?"]
[Date "2019.01.05"]
[Round "5.4"]
[White "Wagner, Alexander"]
[Black "Albayrak, Aylin"]
[Result "1-0"]
[WhiteElo "1884"]
[BlackElo "1686"]
[PlyCount "117"]
[EventDate "2019.??.??"]
[WhiteTeam "SW Nürnberg Süd"]
[BlackTeam "Zabo-Eintracht Nürnberg"]

1. e4 e6 2. Nc3 d5 3. d4 Bb4 4. e5 c5 5. a3 cxd4 6. axb4 dxc3 7. bxc3 Nc6 8. f4
Qh4+ 9. g3 Qd8 10. Be3 b6 11. Qd2 Nge7 12. Bg2 Nf5 13. Bf2 Bb7 14. Ne2 O-O 15.
O-O Qe7 16. Qd3 Rfd8 17. Nc1 d4 18. b5 dxc3 19. bxc6 Rxd3 20. cxb7 Rb8 21. Nxd3
Rxb7 22. Bxb7 Qxb7 23. Ra3 Qc7 24. Rfa1 a5 25. Rb1 h5 26. Rxb6 Ne7 27. Rxa5 Nd5
28. Rc5 Qd7 29. Rbc6 Qb7 30. Rxc3 Nxc3 31. Rxc3 Qb1+ 32. Ne1 Kh7 33. Rc7 Kg6
34. c4 f6 35. exf6 gxf6 36. c5 e5 37. fxe5 fxe5 38. c6 e4 39. Re7 Qc1 40. c7 e3
41. Rxe3 Qxc7 42. h4 Kf5 43. Rf3+ Kg6 44. Nd3 Qb7 45. Nf4+ Kh6 46. Re3 Qb1+ 47.
Re1 Qb5 48. Re6+ Kh7 49. Rd6 Qb1+ 50. Kg2 Qb7+ 51. Rd5 Kh6 52. Kh2 Qb2 53.
Rxh5+ Kg7 54. Kg2 Qb7+ 55. Rd5 Kh6 56. g4 Qb8 57. Rh5+ Kg7 58. Bd4+ Kf7 59.
Rh7+ 1-0

[Event "?"]
[Site "?"]
[Date "2019.01.05"]
[Round "5.5"]
[White "Süß, Helmut"]
[Black "Hahn, Thomas"]
[Result "1/2-1/2"]
[WhiteElo "1871"]
[BlackElo "1821"]
[PlyCount "41"]
[EventDate "2019.??.??"]
[WhiteTeam "SC Noris-Tarrasch Nürnberg"]
[BlackTeam "Zabo-Eintracht Nürnberg"]

1. e4 c5 2. Nf3 d6 3. Bb5+ Bd7 4. Bxd7+ Qxd7 5. O-O g6 6. d3 Bg7 7. Nc3 Nc6 8.
Rb1 e6 9. Re1 Nge7 10. Bd2 O-O 11. a3 a5 12. Na4 Rab8 13. c4 b5 14. Nc3 b4 15.
Nb5 Ne5 16. Nxe5 Bxe5 17. Bh6 Rfd8 18. Be3 Nc6 19. Qc2 Na7 20. a4 Nc6 21. f4
1/2-1/2

[Event "?"]
[Site "?"]
[Date "2019.01.05"]
[Round "5.6"]
[White "Dreiseitel, Werner"]
[Black "Birkner, Mattias"]
[Result "0-1"]
[WhiteElo "1563"]
[BlackElo "1890"]
[PlyCount "118"]
[EventDate "2019.??.??"]
[WhiteTeam "SW Nürnberg Süd"]
[BlackTeam "SK Neumarkt"]

1. d4 d5 2. Bf4 Nf6 3. Nf3 Bf5 4. e3 Nbd7 5. c4 e6 6. Nc3 c6 7. a3 dxc4 8. Bxc4
Be7 9. O-O O-O 10. h3 Nb6 11. Bb3 c5 12. dxc5 Bxc5 13. Rc1 Qe7 14. Qe2 Rfd8 15.
Rfd1 a6 16. Rxd8+ Rxd8 17. Rd1 h6 18. Rd2 g5 19. Bg3 Rc8 20. Qd1 Bxa3 21. Be5
Bb4 22. Nd4 Bg6 23. Nf3 Kh7 24. Bc2 Bxc2 25. Qxc2+ Kg8 26. Qd3 Nc4 27. Bxf6
Qxf6 28. Ne4 Qe7 29. Rc2 b5 30. b3 Rd8 31. Qe2 Nd6 32. Nxd6 Qxd6 33. Nd4 Bc5
34. Nf3 Bb6 35. Rd2 Qe7 36. Qd1 Rxd2 37. Qxd2 a5 38. Qd3 Qe8 39. h4 g4 40. Ne5
Qd8 41. Qxd8+ Bxd8 42. Nxg4 f5 43. Ne5 a4 44. bxa4 bxa4 45. Nc4 Be7 46. g3 a3
47. Nxa3 Bxa3 48. h5 Bc5 49. Kg2 Kg7 50. Kf3 Kf6 51. g4 Kg5 52. gxf5 Kxf5 53.
Kg3 Ke4 54. Kg2 Bd6 55. Kg1 Kf3 56. Kf1 Bb4 57. Kg1 Be1 58. e4 Bxf2+ 59. Kf1
Bg3 0-1

[Event "?"]
[Site "?"]
[Date "2019.01.05"]
[Round "5.7"]
[White "Münzenberg, Dietrich"]
[Black "Dyroff, Roland"]
[Result "1/2-1/2"]
[WhiteElo "1687"]
[BlackElo "1694"]
[PlyCount "35"]
[EventDate "2019.??.??"]
[WhiteTeam "Zabo-Eintracht Nürnberg"]
[BlackTeam "SW Nürnberg Süd"]

1. d4 Nf6 2. Bg5 g6 3. Bxf6 exf6 4. g3 d5 5. Bg2 c6 6. e3 Be6 7. Nd2 Bg7 8. Ne2
O-O 9. O-O Qc8 10. Re1 g5 11. b4 Bh3 12. Bh1 Qe6 13. c4 Rd8 14. cxd5 Rxd5 15.
Bxd5 Qxd5 16. e4 Qd7 17. Nf1 Bg4 18. Qd3 1/2-1/2

[Event "?"]
[Site "?"]
[Date "2019.01.05"]
[Round "5.9"]
[White "Danninger, Hugo"]
[Black "Ott, Hans"]
[Result "1-0"]
[WhiteElo "1803"]
[BlackElo "1553"]
[PlyCount "27"]
[EventDate "2019.??.??"]
[WhiteTeam "Zabo-Eintracht Nürnberg"]
[BlackTeam "Zabo-Eintracht Nürnberg"]

1. e4 c5 2. Nf3 d6 3. d4 cxd4 4. Nxd4 Nf6 5. Nc3 a6 6. Bg5 e6 7. f4 Nbd7 8. Bc4
Be7 9. Qe2 h6 10. Bxf6 Bxf6 11. O-O-O b5 12. Bxe6 fxe6 13. Qh5+ Ke7 14. Nc6+
1-0

[Event "?"]
[Site "?"]
[Date "2019.01.05"]
[Round "5.10"]
[White "Majid, Hakim"]
[Black "Pörzgen, Michael"]
[Result "0-1"]
[WhiteElo "1472"]
[BlackElo "1656"]
[PlyCount "65"]
[EventDate "2019.??.??"]
[WhiteTeam "SW Nürnberg Süd"]
[BlackTeam "SW Nürnberg Süd"]

1. e4 d5 2. exd5 Nf6 3. c4 c6 4. Nc3 cxd5 5. cxd5 Nxd5 6. Bb5+ Nc6 7. Nge2 e5
8. O-O Bc5 9. Ne4 Bb6 10. d3 h6 11. N2g3 O-O 12. a3 Nd4 13. Bc4 Be6 14. Ba2 Qh4
15. Nd6 Qe7 16. Nc4 Bc7 17. Re1 Nc6 18. Qh5 Nf6 19. Qh4 b5 20. Ne3 Nd4 21. Ne4
Nd5 22. Qg3 Nf4 23. Nc3 Nxd3 24. Rd1 e4 25. Ncd5 Bxd5 26. Nxd5 Ne2+ 27. Kh1
Nxg3+ 28. fxg3 Qe5 29. Bf4 Nxf4 30. gxf4 Qd6 31. Rac1 Rac8 32. Nb4 Qxf4 33. Nc6
0-1

[Event "?"]
[Site "?"]
[Date "2019.01.05"]
[Round "5.11"]
[White "Klinger, Klaus"]
[Black "Mantel, Hubert"]
[Result "0-1"]
[WhiteElo "1696"]
[BlackElo "1744"]
[PlyCount "112"]
[EventDate "2019.??.??"]
[WhiteTeam "Zabo-Eintracht Nürnberg"]
[BlackTeam "SC Noris-Tarrasch Nürnberg"]

1. d4 e6 2. Bf4 d5 3. e3 c5 4. c4 Nf6 5. Nc3 Nc6 6. Nf3 Be7 7. h3 O-O 8. Bd3 b6
9. a3 Bb7 10. cxd5 exd5 11. b3 Re8 12. Qc2 cxd4 13. Nb5 dxe3 14. b4 exf2+ 15.
Kxf2 Ne4+ 16. Bxe4 dxe4 17. Rad1 Qc8 18. Nfd4 Nxd4 19. Nxd4 Bh4+ 20. Ke3 Qxc2
21. Nxc2 Rad8 22. g3 Rd3+ 23. Ke2 Bxg3 24. Bxg3 Rxg3 25. Rh2 Ba6+ 26. Kf2 Rd3
27. Ke1 Red8 28. Rhd2 Rxd2 29. Rxd2 Rxd2 30. Kxd2 f5 31. Ke3 Kf7 32. Nd4 Bf1
33. Nxf5 Bxh3 34. Nd6+ Ke6 35. Nxe4 h6 36. Nc3 Bf1 37. Kf4 Bd3 38. Ke3 Ba6 39.
Kf4 g6 40. a4 Bd3 41. Ke3 Ba6 42. Kf4 Bb7 43. Nb5 a6 44. Nc3 Kf6 45. Nd1 Bc6
46. a5 bxa5 47. bxa5 h5 48. Ne3 g5+ 49. Kg3 h4+ 50. Kh2 Bf3 51. Kh3 Ke5 52. Nf1
Kf4 53. Kh2 g4 54. Nd2 Ke3 55. Nf1+ Kf2 56. Ng3 hxg3# 0-1

[Event "?"]
[Site "?"]
[Date "2019.01.05"]
[Round "5.12"]
[White "Müller, Ludwig"]
[Black "Ott, Juan Luis"]
[Result "1-0"]
[WhiteElo "1799"]
[BlackElo "1304"]
[PlyCount "113"]
[EventDate "2019.??.??"]
[WhiteTeam "SGem Nürnberg"]
[BlackTeam "Zabo-Eintracht Nürnberg"]

1. Nf3 d5 2. d4 Nf6 3. e3 Bg4 4. h3 Bh5 5. Be2 Nc6 6. Nbd2 e6 7. O-O Bd6 8. c4
dxc4 9. Nxc4 Be7 10. a3 O-O 11. b4 a6 12. Bb2 h6 13. Nfe5 Bxe2 14. Qxe2 Nxe5
15. dxe5 Nh7 16. Rad1 Qb8 17. f4 b6 18. Rd7 Re8 19. Rfd1 Nf8 20. R7d3 Qb7 21.
Kf2 Red8 22. Qf3 Qxf3+ 23. Kxf3 Rxd3 24. Rxd3 Rd8 25. Rxd8 Bxd8 26. e4 g6 27.
Ne3 Nd7 28. Bd4 Nb8 29. f5 Nc6 30. Bc3 gxf5 31. exf5 exf5 32. Nxf5 Kh7 33. h4
Kg6 34. g4 h5 35. Kf4 hxg4 36. Kxg4 a5 37. b5 Ne7 38. Nxe7+ Bxe7 39. h5+ Kh6
40. Bd2+ Kh7 41. a4 Bb4 42. Bg5 Bc3 43. Kf5 Bd4 44. Bd8 Kh6 45. Bxc7 Kxh5 46.
Kf6 Kg4 47. Kxf7 Kf5 48. e6 Bc5 49. e7 Bxe7 50. Kxe7 Ke4 51. Bxb6 Kd5 52. Bxa5
Kc5 53. Kd7 Kc4 54. b6 Kb3 55. b7 Kxa4 56. b8=Q Kxa5 57. Kc6 1-0

[Event "?"]
[Site "?"]
[Date "2019.01.05"]
[Round "5.13"]
[White "Scheitler, Wolfgang"]
[Black "Babichev, Vyacheslav"]
[Result "0-1"]
[WhiteElo "1542"]
[BlackElo "1835"]
[PlyCount "150"]
[EventDate "2019.??.??"]
[WhiteTeam "SW Nürnberg Süd"]
[BlackTeam "SW Nürnberg Süd"]

1. e4 e5 2. Nf3 Nc6 3. Bc4 Bc5 4. c3 d6 5. d3 Nf6 6. b4 Bb6 7. a4 a6 8. Nbd2
Bg4 9. Nf1 h6 10. Ne3 Bh5 11. Nf5 O-O 12. h3 Ne7 13. g4 Bg6 14. N3h4 Bh7 15.
Qf3 c6 16. Nxh6+ gxh6 17. Qxf6 Ng6 18. Qxd8 Rfxd8 19. Nxg6 Bxg6 20. Bxh6 d5 21.
exd5 cxd5 22. Ba2 Bxd3 23. Bb1 Bxb1 24. Rxb1 Rac8 25. Bd2 Kg7 26. h4 e4 27. Rh3
Re8 28. Be3 Bd8 29. Bd4+ Kh7 30. Kd2 Bc7 31. Rf1 Bf4+ 32. Be3 Be5 33. Bc5 Rc6
34. f4 Rf6 35. f5 Rc6 36. g5 Rec8 37. h5 Kh8 38. f6 b6 39. Rf5 Bxf6 40. Rxf6
Rxf6 41. gxf6 bxc5 42. Rg3 cxb4 43. cxb4 Rc6 44. Rg5 d4 45. Rd5 Rc4 46. b5 Rxa4
47. bxa6 Ra2+ 48. Kd1 d3 49. Rd4 Rxa6 50. Rxe4 Rxf6 51. Kd2 Rf5 52. Rh4 Rd5 53.
Rf4 Kg7 54. h6+ Kg6 55. Rh4 Kh7 56. Rf4 Rd7 57. Rf3 Kxh6 58. Rh3+ Kg5 59. Rh1
f5 60. Rg1+ Kf4 61. Rf1+ Ke4 62. Re1+ Kd4 63. Rf1 Rd5 64. Rf4+ Ke5 65. Rf1 f4
66. Re1+ Kd4 67. Rf1 Ke4 68. Re1+ Kf3 69. Rf1+ Kg3 70. Rg1+ Kf2 71. Rg7 f3 72.
Rg8 Kf1 73. Rg7 f2 74. Rg8 Re5 75. Kxd3 Ke1 0-1

[Event "?"]
[Site "?"]
[Date "2019.01.05"]
[Round "5.14"]
[White "Nüßlein, Christian"]
[Black "Merdian, Nick"]
[Result "1/2-1/2"]
[WhiteElo "1892"]
[BlackElo "1640"]
[PlyCount "92"]
[EventDate "2019.??.??"]
[WhiteTeam "SGem Nürnberg"]
[BlackTeam "SC Postbauer-Heng"]

1. e4 c5 2. Nf3 d6 3. d4 cxd4 4. Nxd4 Nf6 5. Nc3 g6 6. f3 Bg7 7. Be3 Nc6 8. Bc4
Bd7 9. Qd2 a6 10. Bb3 Qc7 11. Nd5 Nxd5 12. Bxd5 Nxd4 13. Bxd4 Bxd4 14. Qxd4 e5
15. Qc4 Qxc4 16. Bxc4 Rc8 17. Bb3 Ke7 18. O-O-O Be6 19. Rd2 Bxb3 20. axb3 Rc6
21. Kb1 Rhc8 22. Rhd1 Ke6 23. g4 f6 24. h4 h6 25. c3 Ke7 26. Rd5 Ke6 27. R1d3
R8c7 28. Kc2 Rd7 29. Kd2 Rc5 30. Rxc5 dxc5 31. Rxd7 Kxd7 32. Kd3 b5 33. Ke3 Ke6
34. f4 Ke7 35. f5 g5 36. hxg5 hxg5 37. b4 cxb4 38. cxb4 Kd6 39. Kd3 Kc6 40. Kc3
Kb6 41. b3 a5 42. bxa5+ Kxa5 43. Kb2 Kb4 44. Kc2 Kc5 45. Kc3 b4+ 46. Kd3 Kb5
1/2-1/2

[Event "?"]
[Site "?"]
[Date "2019.01.05"]
[Round "5.15"]
[White "Schaller, Michael"]
[Black "Bogendörfer, Ralf"]
[Result "0-1"]
[WhiteElo "1274"]
[BlackElo "1543"]
[PlyCount "70"]
[EventDate "2019.??.??"]
[WhiteTeam "SW Nürnberg Süd"]
[BlackTeam "SC JÄKLECHEMIE"]

1. e4 e6 2. d4 d5 3. e5 c5 4. c3 Nc6 5. Nf3 Qb6 6. Be2 cxd4 7. cxd4 Nge7 8. Na3
Nf5 9. Nc2 Bb4+ 10. Kf1 Be7 11. g4 Nh4 12. Nxh4 Bxh4 13. b3 Nxe5 14. Be3 Ng6
15. Ne1 Be7 16. Nf3 O-O 17. g5 Ba3 18. h4 Ne7 19. h5 Nf5 20. Qd3 Nxe3+ 21. fxe3
Bd6 22. g6 h6 23. gxf7+ Rxf7 24. Kg2 Qd8 25. Rag1 Qf6 26. Kf2 e5 27. Rg6 Qe7
28. Rhg1 e4 29. Qc2 Qh4+ 30. Kg2 exf3+ 31. Bxf3 Qh2+ 32. Kf1 Qxc2 33. Rxd6
Rxf3+ 34. Ke1 Rxe3+ 35. Kf1 Qe2# 0-1